00182nam a22000977a 4500003000400000082001200004100000900016245002500025260002600050300000800076SGT a340,ICR aICRC aGENEVA CONVENTION -2 aNEW DELHIbICRCc2006 a320